书目信息 |
| 题名: |
礼品结艺
|
|
| 作者: | 云雨 编 | |
| 分册: | ||
| 出版信息: | 西安 陕西旅游出版社 2002 |
|
| 页数: | 128页 | |
| 开本: | 20cm | |
| 丛书名: | 《手艺广场》丛书 | |
| 单 册: | ||
| 中图分类: | J524.2 | |
| 科图分类: | ||
| 主题词: | 商品包装--工艺美术--中国 | |
| 电子资源: | ||
| ISBN: | 7-5418-1234-X | |
| 000 | 00657nam0 2200241 450 | |
| 001 | 0636221718 | |
| 005 | 20060116101542.95 | |
| 010 | @a7-5418-1234-X@dCNY198.00(全10册) | |
| 092 | @aCN | |
| 100 | @a20060116d2002 km y0chiy0120 ea | |
| 101 | 0 | @achi |
| 102 | @aCN@b610000 | |
| 105 | @aa z 000yy | |
| 200 | 1 | @a礼品结艺@Ali pin jie yi@f云雨编@Fyun yu bian |
| 210 | @a西安@c陕西旅游出版社@d2002 | |
| 215 | 1 | @a128页@c彩图@d20cm |
| 225 | @a《手艺广场》丛书 | |
| 410 | 0 | @12001 @a《手艺广场》丛书 |
| 606 | 0 | @a商品包装@x工艺美术@y中国 |
| 690 | @aJ524.2@v4 | |
| 701 | 0 | @a云雨@Ayun yu@4编 |
| 801 | 0 | @aCN@bPFT@c20060116 |
| 905 | @a10447@dJ524.2@e142 | |
| 礼品结艺/云雨编.-西安:陕西旅游出版社,2002 |
| 128页:彩图;20cm.-(《手艺广场》丛书) |
| ISBN 7-5418-1234-X:CNY198.00(全10册) |
| ● |
| 相关链接 |
|
|
|
|
正题名:礼品结艺
索取号:J524.2/142
 
预约/预借
| 序号 | 登录号 | 条形码 | 馆藏地/架位号 | 状态 | 备注 |
| 1 | 0337975 | 203379753 | 第一样本阅览室/ [索取号:J524.2/142] | 在馆 | |
| 2 | 0337976 | 203379762 | 第一借阅区/ [索取号:J524.2/142] | 在馆 | |
| 3 | 0337977 | 203379771 | 第一借阅区/ [索取号:J524.2/142] | 在馆 | |
| 4 | 0337978 | 203379780 | 第一借阅区/ [索取号:J524.2/142] | 在馆 | |
| 5 | 0337979 | 203379799 | 第一借阅区/ [索取号:J524.2/142] | 在馆 |